banner koha

Diversity and spatial genetic structure of natural populations of Ziziphus joazeiro Mart (Registro n. 340502)

MARC details
000 -LÍDER
fixed length control field 03300nab a2200301 i 4500
003 - CÓDIGO MARC DA AGÊNCIA CATALOGADORA
Campo de controle BR-BrBNA
005 - DATA E HORA DA ÚLTIMA ATUALIZAÇÃO
Campo de controle 20260320181044.0
008 - CAMPO DE TAMANHO FIXO
fixed length control field 260320b2018 bl.qr|pooa||| 00| 0 eng |
040 ## - FONTE DA CATALOGAÇÃO
Agência catalogadora BR-BrBNA
Idioma da catalogação eng
072 ## - CATEGORIA AGRIS
Código AGRIS F30
Código do objeto 1190
100 ## - ENTRADA PRINCIPAL - NOME PESSOAL
Nome pessoal Duarte, Manoela Mendes
100 ## - ENTRADA PRINCIPAL - NOME PESSOAL
Nome pessoal Nogueira, Antonio Carlos
100 ## - ENTRADA PRINCIPAL - NOME PESSOAL
Nome pessoal Vieira, Elisa Serra Negra
245 ## - TÍTULO PRINCIPAL
Título principal Diversity and spatial genetic structure of natural populations of Ziziphus joazeiro Mart
500 ## - NOTA GERAL
Nota geral <br/><br/>Publicação online; 25 ref.; 3 tables; Summaries (En, Pt)
942 ## - ADDED ENTRY ELEMENTS (KOHA)
Koha item type Analítica
520 ## - NOTA DE RESUMO
Nota de conteúdo <br/><br/><br/>ABSTRACT: This study aimed to characterize the genetic diversity and spatial genetic of natural populations of Ziziphus joazeirousing molecular markers. Twelve ISSR markers were used in 77 individuals, distributed between two populations located in the state of Ceará, Brazil. The set of markers generated 220 polymorphic loci for the “Não me Deixes” population (Pop 1) and 74 loci for the “Triunfo” population (Pop 2). The results indicated a higher genetic diversity among individuals of the Pop 2. According to the analysis of molecular variance, most genetic diversity occurred within the populations (59.49%). There was no spatial genetic structure among individuals the Pop 1 population. In contrast, the Pop 2 population presented spatial genetic structure up to the first distance class (132 m). Due to the observed genetic variation, both populations present potential for seed collection and seedling formation to be used in restoration area and genetic conservation programs. <br/><br/><br/><br/>Key words: caatinga biome; genetic resources; seed collection
520 ## - NOTA DE RESUMO
Nota de conteúdo <br/><br/><br/>RESUMO: Este estudo objetivou a caracterização da diversidade e estrutura genética espacial existente em populações naturais de Ziziphus joazeiro a partir de marcadores moleculares. Doze marcadores ISSR foram utilizados em 77 indivíduos, distribuídos em duas populações, localizadas no estado do Ceará, Brasil. O conjunto de marcadores gerou 220 locos polimórficos para a população Não me Deixes (Pop 1), e 74 locos para a população Triunfo (Pop 2). Os resultados indicaram maior diversidade genética entre os indivíduos da Pop 2 e a maior parte da diversidade genética ocorreu dentro das populações (59,49%). Não houve estruturação genética espacial entre os indivíduos da Pop 1, em contrapartida, a Pop 2 apresentou estruturação genética espacial até a primeira classe de distância (132 m). Devido à variação genética observada, as duas populações apresentam potencial para a coleta de sementes e formação de mudas a serem utilizadas em programas de restauração de áreas e de conservação genética.<br/><br/><br/><br/> Palavras-chave: bioma caatinga; recursos genéticos; coleta de sementes
650 ## - ASSUNTO - THESAGRO
Cabeçalho tópico ou nome geográfico JUÁ
650 ## - ASSUNTO - THESAGRO
Cabeçalho tópico ou nome geográfico FRUTA TROPICAL
650 ## - ASSUNTO - THESAGRO
Cabeçalho tópico ou nome geográfico SEMENTE
650 ## - ASSUNTO - THESAGRO
Cabeçalho tópico ou nome geográfico MARCADOR MOLECULAR
650 ## - ASSUNTO - THESAGRO
Cabeçalho tópico ou nome geográfico RECURSO GENÉTICO
650 ## - ASSUNTO - THESAGRO
Cabeçalho tópico ou nome geográfico CAATINGA
773 0# - ENTRADA ANALÍTICA
Host Biblionumber 4656
Registro do item 360705
Imprenta Recife-PE Universidade Federal Rural de Pernambuco 2006
Outro identificador 2026-1087
Título Revista Brasileira de Ciências Agrárias (Brazil)
ISSN 1981-1160
Colação v. 13(4) p. 1-6; (2018)
Número de controle de registro BR2026000016
856 ## - ACESSO E ENDEREÇO ELETRÔNICO
Identificador uniforme de recurso - URI http://www.agraria.pro.br/ojs32/index.php/RBCA/article/view/v13i4a5573/271

Nenhum exemplar disponível.

BINAGRI

Telefone: (61)3218-2567/2388/3357/2097 - binagri@agro.gov.br

Ministério da Agricultura e Pecuária , Esplanada dos Ministérios, Bloco D, Anexo B, Brasília/DF, CEP: 70.043-900